Strength of materials (Record no. 4143)

000 -LEADER
fixed length control field 00602nam a2200229 4500
001 - CONTROL NUMBER
control field 4143
003 - CONTROL NUMBER IDENTIFIER
control field BD-DhUET
008 - FIXED-LENGTH DATA ELEMENTS--GENERAL INFORMATION
fixed length control field 0
020 ## - INTERNATIONAL STANDARD BOOK NUMBER
International Standard Book Number 0070702977
040 ## - CATALOGING SOURCE
Transcribing agency 0
Modifying agency BD-DhUET
082 ## - DEWEY DECIMAL CLASSIFICATION NUMBER
Classification number 620.112
Item number WIL/1981
100 ## - MAIN ENTRY--PERSONAL NAME
Personal name Willems, Nicholas
245 ## - TITLE STATEMENT
Title Strength of materials
Statement of responsibility, etc. by Nicholas Willems, John T. Easley and Stanley T. Rolfe
250 ## - EDITION STATEMENT
Edition statement 1st ed.
260 ## - PUBLICATION, DISTRIBUTION, ETC. (IMPRINT)
Place of publication, distribution, etc. New York
Name of publisher, distributor, etc. McGraw-Hill
Date of publication, distribution, etc. 1981
300 ## - PHYSICAL DESCRIPTION
Extent xviii, 508 p.
Other physical details ill.
Dimensions 12 cm.
504 ## - BIBLIOGRAPHY, ETC. NOTE
Bibliography, etc Includes bibliographies
650 #0 - SUBJECT ADDED ENTRY--TOPICAL TERM
Topical term or geographic name as entry element Strength of materials
700 ## - ADDED ENTRY--PERSONAL NAME
Personal name Easley, John T.
700 ## - ADDED ENTRY--PERSONAL NAME
Personal name Rolfe, Stanley T.
942 ## - ADDED ENTRY ELEMENTS (KOHA)
Koha item type General Book
Holdings
Koha out on loan Date acquired Price effective from Shelving location Copy number Koha normalized classification for sorting Koha date last borrowed Location (home branch) Piece designation (barcode) Source of classification or shelving scheme Sublocation or collection (holding branch) Koha issues (times borrowed) Koha date last seen Withdrawn status Lost status Not for loan Koha full call number Damaged status Koha item type
 2014-11-122014-11-12Circulation section1620_112000000000000_WIL_19812018-11-06Central Library, BUET79849 Central Library, BUET12018-12-18   620.112/WIL/1981 General Book
 2014-11-122014-11-12Circulation section2620_112000000000000_WIL_19812018-12-22Central Library, BUET79850 Central Library, BUET12019-04-24   620.112/WIL/1981 General Book
 2014-11-122014-11-12Circulation section3620_000000000000000_112WIL1981 Central Library, BUET79853 Central Library, BUET 2014-11-12   620.112/WIL/1981 General Book
 2014-11-122014-11-12Circulation section4620_000000000000000_112WIL1981 Central Library, BUET81408 Central Library, BUET 2014-11-12   620.112/WIL/1981 General Book
 2014-11-122014-11-12Circulation section5620_000000000000000_112WIL19812021-11-29Central Library, BUET79852 Central Library, BUET22021-12-07   620.112/WIL/1981 General Book
2025-12-222014-11-122014-11-12Circulation section6620_000000000000000_112WIL19812025-12-08Central Library, BUET79580 Central Library, BUET12025-12-08   620.112/WIL/1981 General Book
 2014-11-122014-11-12Circulation section7620_000000000000000_112WIL1981 Central Library, BUET81410 Central Library, BUET 2014-11-12   620.112/WIL/1981 General Book
 2014-11-122014-11-12Circulation section8620_000000000000000_112WIL19812023-07-08Central Library, BUET79851 Central Library, BUET12023-07-18   620.112/WIL/1981 General Book
 2014-11-122014-11-12Circulation section9620_112000000000000_WIL_1981 Central Library, BUET81409 Central Library, BUET 2014-11-12   620.112/WIL/1981 General Book
 2015-02-042015-02-04Circulation section10620_112000000000000_WIL_1981 Central Library, BUET79581  Central Library, BUET 2015-02-04   620.112/WIL/1981 General Book